000 00557nam a2200217Ia 4500
003 OSt
005 20221005033044.0
006 a|||||r|||| 00| 0
007 ta
008 221004b |||||||| |||| 00| 0 urd d
024 _a12077
037 _cTextual
040 _aCRL
_cCRL
_burd
041 _2urd
_aurd
082 _aO168,1KAA,1, M7
245 0 _aQissa-e-Laila wa majnu
260 _aDelhi
_bAnjuman taraqqi Urdu India
_c1987
650 _aURDU POETRY
942 _hO168,1KAA,1, M7
_cTEXL
_2cc
999 _c940876
_d940876